书目信息 |
| 题名: |
造船技术入门
|
|
| 作者: | 池田良穗, 著 ;顾欣荣 译 | |
| 分册: | ||
| 出版信息: | 北京 机械工业出版社 2024.01 |
|
| 页数: | 219页 | |
| 开本: | 21cm | |
| 丛书名: | ||
| 单 册: | ||
| 中图分类: | U671 | |
| 科图分类: | ||
| 主题词: | 造船法--zao chuan fa | |
| 电子资源: | ||
| ISBN: | 978-7-111-74227-2 | |
| 000 | 01255nam0 2200265 450 | |
| 001 | 94411 | |
| 005 | 20250820135638.13 | |
| 010 | @a978-7-111-74227-2@dCNY49.00 | |
| 100 | @a20240120d2024 em y0chiy50 ea | |
| 101 | 1 | @achi@cjpn |
| 102 | @aCN@b110000 | |
| 105 | @aa z 000yy | |
| 106 | @ar | |
| 200 | 1 | @a造船技术入门@Azao chuan ji shu ru men@f(日) 池田良穗著@g顾欣荣译 |
| 210 | @a北京@c机械工业出版社@d2024.01 | |
| 215 | @a219页@c彩图@d21cm | |
| 300 | @a知物 | |
| 314 | @a池田良穗, 1950年出生于北海道。1973年于大阪府立大学工学部船舶工程专业毕业。1978年在大阪府立大学研究生院攻读工程学研究专业博士, 修满学分后退学。1979年被授予工程学博士。1989年就任大阪府立大学工学部副教授 (船舶工程专业)。1995年晋升为大阪府立大学工学部教授 (海洋工程学)。出版了《船舶最新知识》《大家都想知道的船舶知识100问》《图解杂学船舶图析》《图解船舶的科学》等多本著作。 | |
| 330 | @a本书从造船方法到构成船舶的各种零部件的制造工艺, 都有详细的图解, 而且这些图中不仅有外形图, 还有结构图、设计示意图, 同时这些图又很简单, 让人一看就懂, 可读性非常强。 | |
| 606 | 0 | @a造船法@Azao chuan fa |
| 690 | @aU671@v5 | |
| 701 | 0 | @a池田良穗,@Achi tian liang sui@f1950-@4著 |
| 702 | 0 | @a顾欣荣@Agu xin rong@4译 |
| 801 | 0 | @aCN@c20250909 |
| 905 | @a河南城建学院图书馆@dU671@eC805@f3 | |
| 造船技术入门/(日) 池田良穗著/顾欣荣译.-北京:机械工业出版社,2024.01 |
| 219页:彩图;21cm |
| 知物 |
| ISBN 978-7-111-74227-2:CNY49.00 |
| 本书从造船方法到构成船舶的各种零部件的制造工艺, 都有详细的图解, 而且这些图中不仅有外形图, 还有结构图、设计示意图, 同时这些图又很简单, 让人一看就懂, 可读性非常强。 |
| ● |
| 相关链接 |
|
|
|
正题名:造船技术入门
索取号:U671/C805
 
预约/预借
| 序号 | 登录号 | 条形码 | 馆藏地/架位号 | 状态 | 备注 |
| 1 | 1628409 | 216284090 | 自科库501/501自科库 59排2列3层/ [索取号:U671/C805] | 在馆 | |
| 2 | 1628410 | 216284107 | 自科库501/501自科库 59排2列3层/ [索取号:U671/C805] | 在馆 | |
| 3 | 1628411 | 216284116 | 自科库501/501自科库 59排2列3层/ [索取号:U671/C805] | 在馆 |